000 00499nam a22001817a 4500
005 20240920154136.0
008 240919b |||||||| |||| 00| 0 eng d
020 _a978-93-6180-088-7
041 _aeng
082 _a615.321
100 _aPANDA, DR. SANJAYA KUMAR AND SHINDE, PROF. GULAB S.
_98556
245 _aPHARMACOGNOSY [ D.PHARMA, 1ST YEAR]
250 _a2ND ED. 2024
260 _aLUCKNOW
_bTHAKUR PUBLICATION PVT LTD
300 _a200;P
650 _aPHARMACY
_xD.PHARMA
942 _cBK
999 _c8685
_d8683